|
|
|
|
| LEADER |
03646nam a22005895i 4500 |
| 001 |
978-3-319-48335-1 |
| 003 |
DE-He213 |
| 005 |
20161014181651.0 |
| 007 |
cr nn 008mamaa |
| 008 |
161014s2016 gw | s |||| 0|eng d |
| 020 |
|
|
|a 9783319483351
|9 978-3-319-48335-1
|
| 024 |
7 |
|
|a 10.1007/978-3-319-48335-1
|2 doi
|
| 040 |
|
|
|d GrThAP
|
| 050 |
|
4 |
|a R858-R859.7
|
| 072 |
|
7 |
|a UBH
|2 bicssc
|
| 072 |
|
7 |
|a MED000000
|2 bisacsh
|
| 082 |
0 |
4 |
|a 502.85
|2 23
|
| 245 |
1 |
0 |
|a Health Information Science
|h [electronic resource] :
|b 5th International Conference, HIS 2016, Shanghai, China, November 5-7, 2016, Proceedings /
|c edited by Xiaoxia Yin, James Geller, Ye Li, Rui Zhou, Hua Wang, Yanchun Zhang.
|
| 264 |
|
1 |
|a Cham :
|b Springer International Publishing :
|b Imprint: Springer,
|c 2016.
|
| 300 |
|
|
|a XII, 206 p. 83 illus.
|b online resource.
|
| 336 |
|
|
|a text
|b txt
|2 rdacontent
|
| 337 |
|
|
|a computer
|b c
|2 rdamedia
|
| 338 |
|
|
|a online resource
|b cr
|2 rdacarrier
|
| 347 |
|
|
|a text file
|b PDF
|2 rda
|
| 490 |
1 |
|
|a Lecture Notes in Computer Science,
|x 0302-9743 ;
|v 10038
|
| 505 |
0 |
|
|a Medical/health/biomedicine information resources such as patient medical records, devices and equipments, software and tools to capture, store, retrieve, process, analyze, and optimize the use of information in the health domain -- Data management, data mining, and knowledge discovery, all of which play a key role in decision making, management of public health, examination of standards, privacy and security issues -- Computer visualization and artificial intelligence for computer aided diagnosis; development of new architectures and applications for health information systems.
|
| 520 |
|
|
|a This book constitutes the refereed proceedings of the 5th International Conference on Health Information Science, HIS 2016, held in Shanghai, China, in November 2016. The 13 full papers and 9 short papers presented were carefully reviewed and selected from numerous submissions. The scope of the papers includes medical/health/biomedicine information resources such as patient medical records, devices and equipments, software and tools to capture, store, retrieve, process, analyze, and optimize the use of information in the health domain; data management, data mining, and knowledge discovery, all of which play a key role in decision making, management of public health, examination of standards, privacy and security issues; computer visualization and artificial intelligence for computer aided diagnosis; development of new architectures and applications for health information systems.
|
| 650 |
|
0 |
|a Computer science.
|
| 650 |
|
0 |
|a Health informatics.
|
| 650 |
|
0 |
|a Data mining.
|
| 650 |
|
0 |
|a Information storage and retrieval.
|
| 650 |
|
0 |
|a Artificial intelligence.
|
| 650 |
1 |
4 |
|a Computer Science.
|
| 650 |
2 |
4 |
|a Health Informatics.
|
| 650 |
2 |
4 |
|a Information Systems Applications (incl. Internet).
|
| 650 |
2 |
4 |
|a Data Mining and Knowledge Discovery.
|
| 650 |
2 |
4 |
|a Artificial Intelligence (incl. Robotics).
|
| 650 |
2 |
4 |
|a Information Storage and Retrieval.
|
| 700 |
1 |
|
|a Yin, Xiaoxia.
|e editor.
|
| 700 |
1 |
|
|a Geller, James.
|e editor.
|
| 700 |
1 |
|
|a Li, Ye.
|e editor.
|
| 700 |
1 |
|
|a Zhou, Rui.
|e editor.
|
| 700 |
1 |
|
|a Wang, Hua.
|e editor.
|
| 700 |
1 |
|
|a Zhang, Yanchun.
|e editor.
|
| 710 |
2 |
|
|a SpringerLink (Online service)
|
| 773 |
0 |
|
|t Springer eBooks
|
| 776 |
0 |
8 |
|i Printed edition:
|z 9783319483344
|
| 830 |
|
0 |
|a Lecture Notes in Computer Science,
|x 0302-9743 ;
|v 10038
|
| 856 |
4 |
0 |
|u http://dx.doi.org/10.1007/978-3-319-48335-1
|z Full Text via HEAL-Link
|
| 912 |
|
|
|a ZDB-2-SCS
|
| 912 |
|
|
|a ZDB-2-LNC
|
| 950 |
|
|
|a Computer Science (Springer-11645)
|